[Event "European Online Club-ch-H 2021"]
[Site "Online"]
[Date "2021.03.27"]
[Round "5.14"]
[White "Roux, Olivier"]
[Black "Bromann, Thorbjorn"]
[Result "1/2-1/2"]
[WhiteElo "2156"]
[BlackElo "2392"]
[Annotator "NA"]
[PlyCount "140"]
[EventDate "2021.03.27"]
[EventType "team-tourn"]
[EventCountry "NET"]
[SourceTitle "playchess.com"]
[Source "ChessBase"]
[SourceQuality "1"]
[TimeControl "900+5"]

1. e4 {[%emt 0:00:00]} g6 {[%emt 0:00:04]} 2. Nf3 {[%emt 0:00:05]} Bg7 {[%emt 0:00:01]} 3. d4 {[%emt 0:00:02]} d6 {[%emt 0:00:02]} 4. Be2 {[%emt 0:00:44]} Nf6 {[%emt 0:00:04]} 5. Nc3 {[%emt 0:00:08]} O-O {[%emt 0:00:08]} 6. h3 {[%emt 0:00:05]} Nc6 {[%emt 0:00:10]} 7. Be3 {[%emt 0:00:02]} e5 {[%emt 0:00:05]} 8. dxe5 {[%emt 0:00:11]} dxe5 {[%emt 0:00:26]} 9. Bc4 {[%emt 0:00:17]} Qe7 {[%emt 0:00:33]} 10. Qe2 {[%emt 0:00:36]} Be6 {[%emt 0:01:39]} 11. O-O {[%emt 0:01:30]} Rfd8 {[%emt 0:00:21]} 12. Bg5 {[%emt 0:00:37]} Nd4 {[%emt 0:01:00]} 13. Nxd4 {[%emt 0:00:12]} exd4 {[%emt 0:00:00]} 14. Nb5 {[%emt 0:02:04]} Bxc4 {[%emt 0:02:42]} 15. Qxc4 {[%emt 0:00:05]} c6 {[%emt 0:00:07]} 16. Nxd4 {[%emt 0:00:22]} Qxe4 {[%emt 0:00:02]} 17. c3 {[%emt 0:00:04]} Qd5 {[%emt 0:00:48]} 18. Qxd5 {[%emt 0:00:22]} Rxd5 {[%emt 0:00:00]} 19. Nf3 {[%emt 0:00:13]} Ne4 {[%emt 0:00:13]} 20. Be3 {[%emt 0:00:04]} a6 {[%emt 0:00:13]} 21. Rfd1 {[%emt 0:00:19]} Rad8 {[%emt 0:00:02]} 22. Rxd5 {[%emt 0:00:03]} Rxd5 {[%emt 0:00:00]} 23. Kf1 {[%emt 0:00:06]} f5 {[%emt 0:00:32]} 24. a4 {[%emt 0:00:27]} Nd6 {[%emt 0:01:28]} 25. Bd4 {[%emt 0:00:48]} Nc4 {[%emt 0:00:43]} 26. b3 {[%emt 0:00:24]} Na5 {[%emt 0:00:49]} 27. Rb1 {[%emt 0:00:21]} Bxd4 {[%emt 0:00:17]} 28. cxd4 {[%emt 0:00:05]} b5 {[%emt 0:00:35]} 29. Ke2 {[%emt 0:00:41]} Nb7 {[%emt 0:00:05]} 30. Rc1 {[%emt 0:00:06]} c5 {[%emt 0:00:13]} 31. axb5 {[%emt 0:01:29]} axb5 {[%emt 0:00:11]} 32. Ke3 {[%emt 0:00:59]} cxd4+ {[%emt 0:00:46]} 33. Nxd4 {[%emt 0:00:03]} Re5+ {[%emt 0:00:51]} 34. Kd2 {[%emt 0:00:52]} Nc5 {[%emt 0:00:12]} 35. f3 {[%emt 0:00:11]} Rd5 {[%emt 0:00:13]} 36. Ke3 {[%emt 0:00:03]} f4+ {[%emt 0:00:12]} 37. Ke2 {[%emt 0:00:02]} Re5+ {[%emt 0:01:17]} 38. Kd2 {[%emt 0:00:06]} Rg5 {[%emt 0:00:08]} 39. Rg1 {[%emt 0:00:27]} b4 {[%emt 0:00:02]} 40. Kc2 {[%emt 0:00:19]} Kf7 {[%emt 0:00:28]} 41. Nc6 {[%emt 0:00:11]} Na6 {[%emt 0:00:12]} 42. Kd3 {[%emt 0:00:51]} Rc5 {[%emt 0:00:03]} 43. Nd4 {[%emt 0:00:06]} Rc3+ {[%emt 0:00:12]} 44. Ke4 {[%emt 0:00:04]} g5 {[%emt 0:00:02]} 45. Ra1 {[%emt 0:00:14]} Nc5+ {[%emt 0:00:04]} 46. Kf5 {[%emt 0:00:02]} Rd3 {[%emt 0:00:08]} 47. Ra7+ {[%emt 0:00:04]} Ke8 {[%emt 0:00:03]} 48. Nc6 {[%emt 0:00:48]} Rd5+ {[%emt 0:00:08]} 49. Kg4 {[%emt 0:00:07]} Nd7 {[%emt 0:00:10]} 50. h4 {[%emt 0:00:16]} Nf6+ {[%emt 0:00:12]} 51. Kh3 {[%emt 0:00:04]} Rd1 {[%emt 0:00:08]} 52. Kh2 {[%emt 0:00:02]} g4 {[%emt 0:00:01]} 53. g3 {[%emt 0:00:20]} Rd2+ {[%emt 0:00:07]} 54. Kg1 {[%emt 0:00:03]} fxg3 {[%emt 0:00:02]} 55. fxg4 {[%emt 0:00:10]} Nxg4 {[%emt 0:00:07]} 56. Rxh7 {[%emt 0:00:21]} Kf8 {[%emt 0:00:02]} 57. Re7 {[%emt 0:00:05]} Rd6 {[%emt 0:00:17]} 58. Re4 {[%emt 0:00:10]} Nf2 {[%emt 0:00:03]} 59. Rf4+ {[%emt 0:00:05]} Kg7 {[%emt 0:00:02]} 60. Rc4 {[%emt 0:00:09]} Nd1 {[%emt 0:00:03]} 61. Rg4+ {[%emt 0:00:05]} Kh6 {[%emt 0:00:04]} 62. Nxb4 {[%emt 0:00:05]} Ne3 {[%emt 0:00:13]} 63. Rxg3 {[%emt 0:00:05]} Rd1+ {[%emt 0:00:01]} 64. Kf2 {[%emt 0:00:02]} Nf5 {[%emt 0:00:04]} 65. Rd3 {[%emt 0:00:03]} Rxd3 {[%emt 0:00:07]} 66. Nxd3 {[%emt 0:00:02]} Nd4 {[%emt 0:00:00]} 67. b4 {[%emt 0:00:02]} Kh5 {[%emt 0:00:02]} 68. Ke3 {[%emt 0:00:01]} Nc2+ {[%emt 0:00:02]} 69. Kf4 {[%emt 0:00:03]} Nxb4 {[%emt 0:00:02]} 70. Nxb4 {[%emt 0:00:02]} Kxh4 {[%emt 0:00:02]} 1/2-1/2

[Event "European Online Club-ch-H 2021"]
[Site "Online"]
[Date "2021.03.27"]
[Round "5.15"]
[White "Aabling-Thomsen, Jakob"]
[Black "Kirszenberg, Marc"]
[Result "1-0"]
[WhiteElo "2348"]
[BlackElo "2130"]
[Annotator "NA"]
[PlyCount "109"]
[EventDate "2021.03.27"]
[EventType "team-tourn"]
[EventCountry "NET"]
[SourceTitle "playchess.com"]
[Source "ChessBase"]
[SourceQuality "1"]
[TimeControl "900+5"]

1. e4 {[%emt 0:00:00]} c6 {[%emt 0:00:02]} 2. d3 {[%emt 0:00:03]} d5 {[%emt 0:00:03]} 3. Nd2 {[%emt 0:00:03]} e5 {[%emt 0:00:02]} 4. Ngf3 {[%emt 0:00:02]} Bd6 {[%emt 0:00:02]} 5. g3 {[%emt 0:00:01]} Nf6 {[%emt 0:00:02]} 6. Bg2 {[%emt 0:00:02]} O-O {[%emt 0:00:01]} 7. O-O {[%emt 0:00:02]} Re8 {[%emt 0:00:05]} 8. Re1 {[%emt 0:00:25]} Nbd7 {[%emt 0:00:05]} 9. Nh4 {[%emt 0:00:45]} g6 {[%emt 0:01:44]} 10. Nf1 {[%emt 0:00:44]} Qc7 {[%emt 0:01:49]} 11. h3 {[%emt 0:00:11]} Bf8 {[%emt 0:00:42]} 12. Ne3 {[%emt 0:00:16]} d4 {[%emt 0:00:07]} 13. Ng4 {[%emt 0:00:08]} Nxg4 {[%emt 0:00:20]} 14. hxg4 {[%emt 0:00:00]} Nc5 {[%emt 0:00:20]} 15. Rf1 {[%emt 0:00:33]} Qd7 {[%emt 0:00:46]} 16. g5 {[%emt 0:00:12]} Ne6 {[%emt 0:00:18]} 17. f4 {[%emt 0:00:11]} exf4 {[%emt 0:00:07]} 18. gxf4 {[%emt 0:00:00]} Qd8 {[%emt 0:00:22]} 19. Qe1 {[%emt 0:01:55]} f5 {[%emt 0:01:28]} 20. gxf6 {[%emt 0:00:31]} Qxf6 {[%emt 0:00:03]} 21. f5 {[%emt 0:00:04]} Be7 {[%emt 0:00:08]} 22. Nxg6 {[%emt 0:01:05]} hxg6 {[%emt 0:00:06]} 23. fxe6 {[%emt 0:00:25]} Qxe6 {[%emt 0:00:03]} 24. Bd2 {[%emt 0:01:17]} Qg4 {[%emt 0:00:14]} 25. Rf4 {[%emt 0:00:06]} Qe6 {[%emt 0:00:13]} 26. Qf2 {[%emt 0:01:14]} Rf8 {[%emt 0:00:22]} 27. Qxd4 {[%emt 0:00:49]} Rxf4 {[%emt 0:00:14]} 28. Bxf4 {[%emt 0:00:00]} b6 {[%emt 0:00:04]} 29. Qe5 {[%emt 0:00:28]} Qxe5 {[%emt 0:00:25]} 30. Bxe5 {[%emt 0:00:00]} Be6 {[%emt 0:00:03]} 31. d4 {[%emt 0:00:12]} Rd8 {[%emt 0:00:06]} 32. c3 {[%emt 0:00:15]} b5 {[%emt 0:00:18]} 33. b3 {[%emt 0:00:13]} Ba3 {[%emt 0:00:21]} 34. Rd1 {[%emt 0:00:15]} Bb2 {[%emt 0:00:08]} 35. d5 {[%emt 0:00:05]} cxd5 {[%emt 0:00:14]} 36. exd5 {[%emt 0:00:03]} Bf5 {[%emt 0:00:07]} 37. d6 {[%emt 0:00:14]} b4 {[%emt 0:00:05]} 38. Bf6 {[%emt 0:00:16]} Rd7 {[%emt 0:00:14]} 39. Bd5+ {[%emt 0:00:13]} Kh7 {[%emt 0:00:35]} 40. Rd2 {[%emt 0:00:06]} g5 {[%emt 0:00:22]} 41. Rxb2 {[%emt 0:01:27]} Rxd6 {[%emt 0:00:04]} 42. Rf2 {[%emt 0:00:11]} Rxf6 {[%emt 0:00:02]} 43. Rxf5 {[%emt 0:00:23]} Rxf5 {[%emt 0:00:02]} 44. Be4 {[%emt 0:00:01]} Kg6 {[%emt 0:00:01]} 45. cxb4 {[%emt 0:00:06]} Kf6 {[%emt 0:00:01]} 46. Bxf5 {[%emt 0:00:02]} Kxf5 {[%emt 0:00:01]} 47. b5 {[%emt 0:00:05]} Ke5 {[%emt 0:00:07]} 48. a4 {[%emt 0:00:02]} Kd5 {[%emt 0:00:02]} 49. Kg2 {[%emt 0:00:05]} Kc5 {[%emt 0:00:10]} 50. Kg3 {[%emt 0:00:02]} Kb4 {[%emt 0:00:06]} 51. Kg4 {[%emt 0:00:03]} Kxb3 {[%emt 0:00:02]} 52. a5 {[%emt 0:00:01]} Kb4 {[%emt 0:00:01]} 53. b6 {[%emt 0:00:03]} axb6 {[%emt 0:00:01]} 54. axb6 {[%emt 0:00:03]} Kc5 {[%emt 0:00:02]} 55. b7 {[%emt 0:00:02]} 1-0

[Event "European Online Club-ch-H 2021"]
[Site "Online"]
[Date "2021.03.27"]
[Round "5.17"]
[White "Kazakov, Mikhail"]
[Black "Manik, Mikulas"]
[Result "1/2-1/2"]
[WhiteElo "2516"]
[BlackElo "2353"]
[Annotator "ChessBase"]
[PlyCount "114"]
[EventDate "2021.03.27"]
[EventType "team-tourn"]
[EventCountry "NET"]
[SourceTitle "playchess.com"]
[Source "ChessBase"]
[SourceQuality "1"]
[TimeControl "900+5"]

1. d4 {[%emt 0:00:00]} Nf6 {[%emt 0:00:04]} 2. c4 {[%emt 0:00:05]} g6 {[%emt 0:00:03]} 3. Nc3 {[%emt 0:00:04]} Bg7 {[%emt 0:00:02]} 4. Nf3 {[%emt 0:00:03]} O-O {[%emt 0:00:03]} 5. Bg5 {[%emt 0:00:04]} h6 {[%emt 0:00:07]} 6. Bh4 {[%emt 0:00:02]} c5 {[%emt 0:00:19]} 7. d5 {[%emt 0:00:03]} d6 {[%emt 0:00:12]} 8. e4 {[%emt 0:00:07]} g5 {[%emt 0:01:27]} 9. Bg3 {[%emt 0:00:05]} Nh5 {[%emt 0:00:02]} 10. Nd2 {[%emt 0:01:10]} Nxg3 {[%emt 0:00:05]} 11. hxg3 {[%emt 0:00:03]} e6 {[%emt 0:00:10]} 12. Be2 {[%emt 0:00:17]} a6 {[%emt 0:00:08]} 13. a4 {[%emt 0:00:09]} Nd7 {[%emt 0:00:26]} 14. O-O {[%emt 0:00:21]} exd5 {[%emt 0:01:36]} 15. cxd5 {[%emt 0:00:11]} f5 {[%emt 0:00:06]} 16. exf5 {[%emt 0:00:07]} Rxf5 {[%emt 0:00:04]} 17. Bg4 {[%emt 0:00:02]} Rf8 {[%emt 0:00:02]} 18. Be6+ {[%emt 0:00:03]} Kh8 {[%emt 0:00:04]} 19. Nc4 {[%emt 0:00:20]} Ne5 {[%emt 0:00:02]} 20. Qb3 {[%emt 0:00:36]} Bxe6 {[%emt 0:00:44]} 21. dxe6 {[%emt 0:00:04]} Qe7 {[%emt 0:00:03]} 22. Nxe5 {[%emt 0:01:36]} Bxe5 {[%emt 0:00:04]} 23. Rad1 {[%emt 0:00:26]} Rae8 {[%emt 0:00:44]} 24. Nd5 {[%emt 0:00:11]} Qxe6 {[%emt 0:00:09]} 25. Qxb7 {[%emt 0:00:04]} Rb8 {[%emt 0:00:13]} 26. Qe7 {[%emt 0:02:38]} Qxe7 {[%emt 0:00:06]} 27. Nxe7 {[%emt 0:00:02]} Kg7 {[%emt 0:00:10]} 28. Nc6 {[%emt 0:00:06]} Rxb2 {[%emt 0:00:04]} 29. Nxe5 {[%emt 0:00:07]} dxe5 {[%emt 0:00:03]} 30. Rd5 {[%emt 0:00:03]} Ra2 {[%emt 0:00:10]} 31. Rxc5 {[%emt 0:00:34]} Rxa4 {[%emt 0:00:05]} 32. Rxe5 {[%emt 0:00:02]} Ra2 {[%emt 0:00:11]} 33. f3 {[%emt 0:00:08]} Rd8 {[%emt 0:00:19]} 34. Kh2 {[%emt 0:00:11]} Rdd2 {[%emt 0:00:21]} 35. Rg1 {[%emt 0:00:03]} Kf6 {[%emt 0:02:00]} 36. Rc5 {[%emt 0:00:09]} Rac2 {[%emt 0:00:08]} 37. Rxc2 {[%emt 0:00:16]} Rxc2 {[%emt 0:00:02]} 38. Ra1 {[%emt 0:00:03]} Rc6 {[%emt 0:00:04]} 39. Ra5 {[%emt 0:00:14]} Kg6 {[%emt 0:00:11]} 40. g4 {[%emt 0:00:13]} Rb6 {[%emt 0:00:13]} 41. Kg3 {[%emt 0:00:11]} Rf6 {[%emt 0:00:10]} 42. Kf2 {[%emt 0:00:06]} h5 {[%emt 0:00:14]} 43. gxh5+ {[%emt 0:00:07]} Kxh5 {[%emt 0:00:03]} 44. Kg3 {[%emt 0:00:20]} Kg6 {[%emt 0:00:55]} 45. Rc5 {[%emt 0:00:21]} Kh5 {[%emt 0:00:16]} 46. Ra5 {[%emt 0:00:15]} Kg6 {[%emt 0:00:04]} 47. Ra4 {[%emt 0:00:15]} Kh5 {[%emt 0:00:05]} 48. Kf2 {[%emt 0:00:13]} Kg6 {[%emt 0:00:06]} 49. Ke3 {[%emt 0:00:07]} Re6+ {[%emt 0:00:05]} 50. Kf2 {[%emt 0:00:12]} Rf6 {[%emt 0:00:05]} 51. g4 {[%emt 0:00:08]} Rb6 {[%emt 0:00:08]} 52. Ra5 {[%emt 0:00:06]} Rb2+ {[%emt 0:00:08]} 53. Ke3 {[%emt 0:00:06]} Rb3+ {[%emt 0:00:09]} 54. Ke4 {[%emt 0:00:08]} Rb4+ {[%emt 0:00:03]} 55. Ke3 {[%emt 0:00:36]} Rb3+ {[%emt 0:00:02]} 56. Ke4 {[%emt 0:00:01]} Rb4+ {[%emt 0:00:03]} 57. Ke3 {[%emt 0:00:02]} Rb3+ {[%emt 0:00:02]} 1/2-1/2

[Event "European Online Club-ch-H 2021"]
[Site "Online"]
[Date "2021.03.27"]
[Round "5.18"]
[White "Danada, Tomas"]
[Black "Sabuk, Piotr"]
[Result "1/2-1/2"]
[WhiteElo "2321"]
[BlackElo "2366"]
[Annotator "NA"]
[PlyCount "128"]
[EventDate "2021.03.27"]
[EventType "team-tourn"]
[EventCountry "NET"]
[SourceTitle "playchess.com"]
[Source "ChessBase"]
[SourceQuality "1"]
[TimeControl "900+5"]

1. c4 {[%emt 0:00:00]} e5 {[%emt 0:00:04]} 2. Nc3 {[%emt 0:00:03]} Nf6 {[%emt 0:00:03]} 3. Nf3 {[%emt 0:00:04]} Nc6 {[%emt 0:00:02]} 4. a3 {[%emt 0:00:02]} g6 {[%emt 0:00:12]} 5. e4 {[%emt 0:00:24]} Bg7 {[%emt 0:00:06]} 6. Be2 {[%emt 0:00:07]} O-O {[%emt 0:00:23]} 7. O-O {[%emt 0:00:02]} Nd4 {[%emt 0:00:41]} 8. d3 {[%emt 0:00:13]} Nxe2+ {[%emt 0:00:06]} 9. Qxe2 {[%emt 0:00:01]} Re8 {[%emt 0:00:01]} 10. b4 {[%emt 0:00:42]} c6 {[%emt 0:00:13]} 11. c5 {[%emt 0:00:31]} d5 {[%emt 0:00:08]} 12. cxd6 {[%emt 0:00:01]} Qxd6 {[%emt 0:00:03]} 13. Rd1 {[%emt 0:00:14]} Nd7 {[%emt 0:00:05]} 14. Be3 {[%emt 0:00:17]} a5 {[%emt 0:00:07]} 15. b5 {[%emt 0:00:13]} c5 {[%emt 0:01:39]} 16. Nd2 {[%emt 0:00:29]} b6 {[%emt 0:00:27]} 17. Nc4 {[%emt 0:00:04]} Qb8 {[%emt 0:00:04]} 18. Nd5 {[%emt 0:01:59]} Ra7 {[%emt 0:00:29]} 19. a4 {[%emt 0:00:21]} Rb7 {[%emt 0:00:04]} 20. Rac1 {[%emt 0:00:07]} Nf8 {[%emt 0:00:22]} 21. f4 {[%emt 0:00:42]} Be6 {[%emt 0:00:17]} 22. Qf3 {[%emt 0:01:00]} Bxd5 {[%emt 0:00:18]} 23. exd5 {[%emt 0:00:02]} Nd7 {[%emt 0:00:27]} 24. f5 {[%emt 0:00:59]} e4 {[%emt 0:00:39]} 25. dxe4 {[%emt 0:00:17]} Ne5 {[%emt 0:00:03]} 26. Nxe5 {[%emt 0:00:52]} Qxe5 {[%emt 0:00:03]} 27. d6 {[%emt 0:02:48]} Rd7 {[%emt 0:00:30]} 28. Bg5 {[%emt 0:02:55]} Qxe4 {[%emt 0:01:03]} 29. Re1 {[%emt 0:00:39]} Bd4+ {[%emt 0:01:39]} 30. Kf1 {[%emt 0:00:16]} Qxf3+ {[%emt 0:00:02]} 31. gxf3 {[%emt 0:00:03]} Rxe1+ {[%emt 0:00:12]} 32. Rxe1 {[%emt 0:00:03]} Rxd6 {[%emt 0:00:25]} 33. Re8+ {[%emt 0:00:57]} Kg7 {[%emt 0:00:03]} 34. Rc8 {[%emt 0:00:02]} gxf5 {[%emt 0:00:09]} 35. Rc6 {[%emt 0:00:12]} Re6 {[%emt 0:00:47]} 36. Bd8 {[%emt 0:00:06]} c4 {[%emt 0:00:58]} 37. Rxc4 {[%emt 0:00:06]} Bc5 {[%emt 0:00:05]} 38. Bg5 {[%emt 0:00:11]} Rg6 {[%emt 0:00:12]} 39. Bf4 {[%emt 0:00:02]} Kf6 {[%emt 0:00:23]} 40. Ke2 {[%emt 0:00:01]} Ke6 {[%emt 0:00:10]} 41. Rc1 {[%emt 0:00:08]} Kd5 {[%emt 0:00:18]} 42. Rd1+ {[%emt 0:00:02]} Kc4 {[%emt 0:00:02]} 43. Rd7 {[%emt 0:00:03]} Re6+ {[%emt 0:00:49]} 44. Kd1 {[%emt 0:00:02]} Re7 {[%emt 0:00:02]} 45. Rd2 {[%emt 0:00:15]} Bb4 {[%emt 0:00:23]} 46. Bd6 {[%emt 0:00:06]} Bxd2 {[%emt 0:00:34]} 47. Bxe7 {[%emt 0:00:02]} Bb4 {[%emt 0:00:08]} 48. Bd8 {[%emt 0:00:02]} Bc5 {[%emt 0:00:02]} 49. Kc2 {[%emt 0:00:02]} Kb4 {[%emt 0:00:02]} 50. Kd3 {[%emt 0:00:07]} Kxa4 {[%emt 0:00:09]} 51. Kc4 {[%emt 0:00:01]} Bg1 {[%emt 0:01:28]} 52. h3 {[%emt 0:00:09]} Bc5 {[%emt 0:00:14]} 53. Bc7 {[%emt 0:00:07]} Be3 {[%emt 0:00:21]} 54. Bd8 {[%emt 0:00:06]} f4 {[%emt 0:00:04]} 55. Bc7 {[%emt 0:00:02]} h5 {[%emt 0:00:42]} 56. Bd8 {[%emt 0:00:02]} Ka3 {[%emt 0:00:13]} 57. Kc3 {[%emt 0:00:01]} a4 {[%emt 0:00:10]} 58. Bc7 {[%emt 0:00:04]} Ka2 {[%emt 0:00:06]} 59. Kc2 {[%emt 0:00:02]} f6 {[%emt 0:00:09]} 60. Bd6 {[%emt 0:00:06]} a3 {[%emt 0:00:08]} 61. Bc7 {[%emt 0:00:14]} Ka1 {[%emt 0:00:03]} 62. Bd6 {[%emt 0:00:03]} Ka2 {[%emt 0:00:05]} 63. Bc7 {[%emt 0:00:02]} Ka1 {[%emt 0:00:02]} 64. Bd6 {[%emt 0:00:01]} Ka2 {[%emt 0:00:01]} 1/2-1/2

[Event "European Online Club-ch-H 2021"]
[Site "Online"]
[Date "2021.03.27"]
[Round "5.19"]
[White "Valuet, Bertrand"]
[Black "Zambor, Norbert"]
[Result "1-0"]
[WhiteElo "2217"]
[BlackElo "2260"]
[Annotator "NA"]
[PlyCount "67"]
[EventDate "2021.03.27"]
[EventType "team-tourn"]
[EventCountry "NET"]
[SourceTitle "playchess.com"]
[Source "ChessBase"]
[SourceQuality "1"]
[TimeControl "900+5"]

1. e4 {[%emt 0:00:00]} c5 {[%emt 0:00:06]} 2. Nf3 {[%emt 0:00:03]} Nc6 {[%emt 0:00:03]} 3. Bb5 {[%emt 0:00:25]} g6 {[%emt 0:00:20]} 4. Bxc6 {[%emt 0:00:03]} dxc6 {[%emt 0:00:34]} 5. Nc3 {[%emt 0:00:14]} Bg7 {[%emt 0:00:08]} 6. d3 {[%emt 0:00:04]} e5 {[%emt 0:00:08]} 7. Be3 {[%emt 0:00:12]} Qe7 {[%emt 0:00:04]} 8. h3 {[%emt 0:00:55]} Nf6 {[%emt 0:00:37]} 9. Qd2 {[%emt 0:00:10]} Nd7 {[%emt 0:00:26]} 10. O-O {[%emt 0:00:27]} h6 {[%emt 0:00:48]} 11. Nh2 {[%emt 0:00:18]} g5 {[%emt 0:00:24]} 12. Ne2 {[%emt 0:01:39]} Nf8 {[%emt 0:00:23]} 13. Ng3 {[%emt 0:00:05]} Ng6 {[%emt 0:01:19]} 14. Qc3 {[%emt 0:01:46]} Bf8 {[%emt 0:00:45]} 15. Nh5 {[%emt 0:00:22]} Be6 {[%emt 0:00:37]} 16. Ng4 {[%emt 0:00:12]} Bxg4 {[%emt 0:00:29]} 17. hxg4 {[%emt 0:00:02]} O-O-O {[%emt 0:00:33]} 18. g3 {[%emt 0:00:15]} Rg8 {[%emt 0:00:50]} 19. f3 {[%emt 0:00:28]} Kb8 {[%emt 0:01:45]} 20. a3 {[%emt 0:00:08]} a6 {[%emt 0:00:30]} 21. Rfb1 {[%emt 0:00:57]} Rd4 {[%emt 0:02:32]} 22. b4 {[%emt 0:02:06]} cxb4 {[%emt 0:00:15]} 23. Qb3 {[%emt 0:00:04]} Rd8 {[%emt 0:01:31]} 24. axb4 {[%emt 0:00:09]} Qe6 {[%emt 0:00:18]} 25. c4 {[%emt 0:01:17]} Be7 {[%emt 0:00:52]} 26. Qc3 {[%emt 0:00:44]} Qd6 {[%emt 0:00:28]} 27. Rb3 {[%emt 0:00:11]} Rc8 {[%emt 0:00:17]} 28. Qb2 {[%emt 0:00:57]} Nf8 {[%emt 0:00:09]} 29. b5 {[%emt 0:00:37]} cxb5 {[%emt 0:00:07]} 30. cxb5 {[%emt 0:00:03]} a5 {[%emt 0:00:04]} 31. Rxa5 {[%emt 0:00:15]} Ne6 {[%emt 0:00:03]} 32. b6 {[%emt 0:00:20]} Nd4 {[%emt 0:00:04]} 33. Ra8+ {[%emt 0:00:07]} Kxa8 {[%emt 0:00:03]} 34. Qa2+ {[%emt 0:00:01]} 1-0

[Event "European Online Club-ch-H 2021"]
[Site "Online"]
[Date "2021.03.27"]
[Round "5.20"]
[White "Kusiak, Matej"]
[Black "Santamaria, Jorge"]
[Result "1/2-1/2"]
[WhiteElo "2251"]
[BlackElo "2185"]
[Annotator "NA"]
[PlyCount "131"]
[EventDate "2021.03.27"]
[EventType "team-tourn"]
[EventCountry "NET"]
[SourceTitle "playchess.com"]
[Source "ChessBase"]
[SourceQuality "1"]
[TimeControl "900+5"]

1. e4 {[%emt 0:00:00]} c6 {[%emt 0:00:09]} 2. Nc3 {[%emt 0:00:04]} d5 {[%emt 0:00:03]} 3. Nf3 {[%emt 0:00:01]} Bg4 {[%emt 0:00:06]} 4. Be2 {[%emt 0:00:02]} e6 {[%emt 0:00:17]} 5. h3 {[%emt 0:00:11]} Bxf3 {[%emt 0:00:08]} 6. Bxf3 {[%emt 0:00:03]} Nf6 {[%emt 0:00:14]} 7. d3 {[%emt 0:00:34]} Nbd7 {[%emt 0:00:45]} 8. O-O {[%emt 0:00:14]} Be7 {[%emt 0:00:37]} 9. Re1 {[%emt 0:01:03]} O-O {[%emt 0:00:34]} 10. e5 {[%emt 0:00:13]} Ne8 {[%emt 0:00:05]} 11. Bf4 {[%emt 0:00:02]} a6 {[%emt 0:00:16]} 12. Bh2 {[%emt 0:00:06]} Rc8 {[%emt 0:00:19]} 13. Ne2 {[%emt 0:00:24]} b5 {[%emt 0:03:31]} 14. a4 {[%emt 0:00:51]} Qb6 {[%emt 0:00:15]} 15. a5 {[%emt 0:00:37]} Qd8 {[%emt 0:00:23]} 16. c3 {[%emt 0:00:25]} c5 {[%emt 0:01:48]} 17. b3 {[%emt 0:00:52]} Qc7 {[%emt 0:00:51]} 18. Nf4 {[%emt 0:01:20]} Nxe5 {[%emt 0:01:43]} 19. Rxe5 {[%emt 0:00:09]} Qxe5 {[%emt 0:00:09]} 20. Nxd5 {[%emt 0:00:04]} Qg5 {[%emt 0:00:04]} 21. Bf4 {[%emt 0:00:02]} Qxd5 {[%emt 0:00:17]} 22. Bxd5 {[%emt 0:00:02]} exd5 {[%emt 0:00:02]} 23. Qf3 {[%emt 0:00:20]} Nf6 {[%emt 0:00:04]} 24. Re1 {[%emt 0:00:29]} Rfe8 {[%emt 0:00:06]} 25. g3 {[%emt 0:00:39]} h6 {[%emt 0:00:06]} 26. Be5 {[%emt 0:00:07]} Rcd8 {[%emt 0:01:06]} 27. Re2 {[%emt 0:00:36]} Kf8 {[%emt 0:00:05]} 28. Kg2 {[%emt 0:00:01]} Rd7 {[%emt 0:00:32]} 29. Qf5 {[%emt 0:00:05]} Rdd8 {[%emt 0:00:23]} 30. Bc7 {[%emt 0:00:34]} Rc8 {[%emt 0:00:47]} 31. Be5 {[%emt 0:00:42]} Rcd8 {[%emt 0:00:11]} 32. g4 {[%emt 0:00:03]} Kg8 {[%emt 0:00:26]} 33. Qf3 {[%emt 0:00:21]} Nh7 {[%emt 0:00:19]} 34. Bf4 {[%emt 0:00:24]} Kf8 {[%emt 0:00:35]} 35. Qg3 {[%emt 0:01:05]} Bf6 {[%emt 0:00:24]} 36. Rxe8+ {[%emt 0:00:03]} Rxe8 {[%emt 0:00:02]} 37. Bd6+ {[%emt 0:00:02]} Kg8 {[%emt 0:00:02]} 38. c4 {[%emt 0:00:16]} bxc4 {[%emt 0:00:04]} 39. bxc4 {[%emt 0:00:01]} dxc4 {[%emt 0:00:02]} 40. dxc4 {[%emt 0:00:02]} Bd4 {[%emt 0:00:02]} 41. Qf3 {[%emt 0:00:06]} Ng5 {[%emt 0:00:05]} 42. Qd1 {[%emt 0:00:16]} Re6 {[%emt 0:00:04]} 43. Bg3 {[%emt 0:00:03]} Ne4 {[%emt 0:00:04]} 44. Qd3 {[%emt 0:00:17]} Nxg3 {[%emt 0:00:05]} 45. Kxg3 {[%emt 0:00:03]} Re1 {[%emt 0:00:11]} 46. Qf3 {[%emt 0:00:16]} Re6 {[%emt 0:00:08]} 47. h4 {[%emt 0:00:09]} g6 {[%emt 0:00:02]} 48. Qa8+ {[%emt 0:00:04]} Kg7 {[%emt 0:00:03]} 49. Qd5 {[%emt 0:00:08]} Re2 {[%emt 0:00:13]} 50. f4 {[%emt 0:00:36]} Re3+ {[%emt 0:00:04]} 51. Kg2 {[%emt 0:00:05]} Re2+ {[%emt 0:00:04]} 52. Kf3 {[%emt 0:00:02]} Re3+ {[%emt 0:00:02]} 53. Kg2 {[%emt 0:00:06]} Re2+ {[%emt 0:00:02]} 54. Kf1 {[%emt 0:02:03]} Rf2+ {[%emt 0:00:05]} 55. Ke1 {[%emt 0:00:02]} Rxf4 {[%emt 0:00:02]} 56. g5 {[%emt 0:00:01]} Rxh4 {[%emt 0:00:11]} 57. gxh6+ {[%emt 0:00:06]} Rxh6 {[%emt 0:00:03]} 58. Ke2 {[%emt 0:00:14]} Rh2+ {[%emt 0:00:11]} 59. Kf3 {[%emt 0:00:03]} Rf2+ {[%emt 0:00:03]} 60. Kg3 {[%emt 0:00:02]} Rf6 {[%emt 0:00:03]} 61. Qd8 {[%emt 0:00:03]} Re6 {[%emt 0:00:07]} 62. Qd5 {[%emt 0:00:03]} Re3+ {[%emt 0:00:04]} 63. Kg2 {[%emt 0:00:02]} Re6 {[%emt 0:00:02]} 64. Kg3 {[%emt 0:00:02]} Kh6 {[%emt 0:00:05]} 65. Qd7 {[%emt 0:00:03]} Kg7 {[%emt 0:00:05]} 66. Qd5 {[%emt 0:00:02]} 1/2-1/2